Szczegóły MARC21

Małżeństwa mieszane : (osoba z uszkodzonym słuchem - osoba słysząca) /

003 -Nazwa inst., której nr kontr. jest w polu 001 [,]
    • @
    • Nazwa instytucji, której n kontrolny jest w polu 001
    • NUKAT
005 -DATA I CZAS OSTATNIEJ MODYFIKACJI [,]
    • @
    • pole kontrolne
    • 20241231103132.0
020 -Międzynarod. znormalizowany nr książki - ISBN [ , ]
    • a
    • Numer ISBN
    • 837308407X Find
040 -Instytucja sporządzająca opis [ , ]
    • a
    • Instytucja, która sporządziła opis (NP)
    • WR U/jd
    • c
    • Instytucja, która sporządziła rekord (NP)
    • WR U/jd
    • d
    • Instytucja, która zmodyfikowała rekord (P)
    • WR U/es
    • d
    • Instytucja, która zmodyfikowała rekord (P)
    • WA N /PBbj
    • d
    • Instytucja, która zmodyfikowała rekord (P)
    • POZN U/BSs
    • d
    • Instytucja, która zmodyfikowała rekord (P)
    • WA N/PBiks
942 -Rodzaj dokumentu [ , ]
    • c
    • Rodzaj dokumentu
    • Książka
100 -Hasło główne - nazwa osobowa [1, ]
    • a
    • Nazwa osobowa (NP)
    • Bartnikowska, Urszula.
    • 9
    • KHW
    • 469499
245 -Strefa tytułu i oznaczenia odpowiedzialności [1,0]
    • a
    • Tytuł
    • Małżeństwa mieszane : Find
    • b
    • Ciąg dalszy tytułu (NP)
    • (osoba z uszkodzonym słuchem - osoba słysząca) / Find
    • c
    • Pozostałe elementy strefy tytułu i oznaczenia odpowiedzialności (NP)
    • Urszula Bartnikowska.
260 -Strefa adresu wydawniczego [ , ]
    • a
    • Miejsce wydania (P)
    • Kraków :
    • b
    • Nazwa wydawcy (P)
    • "Impuls",
    • c
    • Data wydania (P)
    • 2004.
300 -Strefa opisu fizycznego [ , ]
    • a
    • Określenie formy książki i/lub objętość (NP)
    • 239 s. :
    • b
    • Oznaczenie ilustracji (NP)
    • wykr. ;
    • c
    • Format (NP)
    • 24 cm.
336 -Typ zawartości [ , ]
    • a
    • Termin opisujący typ zawartości
    • Tekst
    • b
    • Kod określający zawartość
    • txt
    • 2
    • Źródło (terminu i kodu)
    • rdacontent
337 -Typ mediów [ , ]
    • a
    • Tryb odtwarzania
    • Bez urządzenia pośredniczącego
    • b
    • Kod typu mediów
    • n
    • 2
    • Źródło (terminu i kodu)
    • rdamedia
338 -Typ/rodzaj nośnika [ , ]
    • a
    • Hasło opisujące typ nośnika
    • Wolumin
    • b
    • Kod typu nośnika
    • nc
    • 2
    • Źródło (terminu i kodu)
    • rdacarrier
504 -Uwaga dot. bibliogr. załącznikowej [ , ]
    • a
    • Uwaga dot. bibliografii załącznikowej
    • Bibliogr. s. 221-239.
080 -Uniwersalna Klasyfikacja Dziesiętna [ , ]
    • 2
    • Identyfikator wydania tablic
    • UDC-P058, UDC-P022
    • a
    • Symbol klasyfikacji
    • 316.356.2
    • b
    • Dopowiedzenie
    • Grupy krewniacze. Rodzina. Socjologia rodziny.
    • x
    • Poddział wspólny
    • -058.833
    • b
    • Dopowiedzenie
    • -osoby zamężne. Małżeństwa.
    • x
    • Poddział wspólny
    • (438)
    • b
    • Dopowiedzenie
    • (Polska).
    • x
    • Poddział wspólny
    • "2001/..."
080 -Uniwersalna Klasyfikacja Dziesiętna [ , ]
    • 2
    • Identyfikator wydania tablic
    • UDC-P058
    • a
    • Symbol klasyfikacji
    • 316.344-056.263
    • b
    • Dopowiedzenie
    • socjologia głuchych, niemych, głuchoniemych
    • x
    • Poddział wspólny
    • (438)
    • b
    • Dopowiedzenie
    • (Polska).
    • x
    • Poddział wspólny
    • 2001/..."
080 -Uniwersalna Klasyfikacja Dziesiętna [ , ]
    • 2
    • Identyfikator wydania tablic
    • UDC-P058
    • a
    • Symbol klasyfikacji
    • 616.28-008
    • b
    • Dopowiedzenie
    • Głuchota.
650 -Hasło przedmiotowe [ ,7]
    • a
    • Hasło przedmiotowe
    • Osoby z niepełnosprawnością słuchu.
    • 2
    • Źródło terminu
    • kaba
    • 9
    • KHW
    • 121390
650 -Hasło przedmiotowe [ ,7]
    • a
    • Hasło przedmiotowe
    • Komunikacja z niepełnosprawnymi.
    • 2
    • Źródło terminu
    • kaba
    • 9
    • KHW
    • 142611
650 -Hasło przedmiotowe [ ,7]
    • a
    • Hasło przedmiotowe
    • Komunikacja w małżeństwie.
    • 2
    • Źródło terminu
    • kaba
    • 9
    • KHW
    • 114896
650 -Hasło przedmiotowe [ ,7]
    • a
    • Hasło przedmiotowe
    • Para małżeńska.
    • 2
    • Źródło terminu
    • kaba
    • 9
    • KHW
    • 123159
650 -Hasło przedmiotowe [ ,7]
    • a
    • Hasło przedmiotowe
    • Głuchota
    • 2
    • Źródło terminu
    • DBN
    • 9
    • KHW
    • 110915
650 -Hasło przedmiotowe [ ,7]
    • a
    • Hasło przedmiotowe
    • Głusi
    • 2
    • Źródło terminu
    • DBN
    • 9
    • KHW
    • 110923
650 -Hasło przedmiotowe [ ,7]
    • a
    • Hasło przedmiotowe
    • Małżeństwo
    • 2
    • Źródło terminu
    • DBN
    • 9
    • KHW
    • 722995
650 -Hasło przedmiotowe [ ,7]
    • a
    • Hasło przedmiotowe
    • Zaburzenia słuchu
    • 2
    • Źródło terminu
    • DBN
    • 9
    • KHW
    • 137228
651 -Hasło przedmiotowe w formie nazwy geograficznej [ ,7]
    • a
    • Nazwa geograficzna
    • Polska
    • 2
    • Źródło terminu
    • DBN
    • 9
    • KHW
    • 721438
658 -Ujęcie treści [ , ]
    • a
    • dziedzina nauki i sztuki/ sfera aktywności życiowej
    • Socjologia i społeczeństwo
658 -Ujęcie treści [ , ]
    • a
    • dziedzina nauki i sztuki/ sfera aktywności życiowej
    • Medycyna i zdrowie
980 -Symbol UKD [ , ]
    • a
    • UKD
    • 316.356.2-058.833:316.344-056.263](438)"2001/...":616.28-008
710 -Hasło dodatkowe - nazwa ciała zbiorowego [2, ]
    • a
    • Nazwa ciała zbiorowego lub nazwa geograficzna jako pierwszy element (NP)
    • Oficyna Wydawnicza Impuls.
    • 4
    • Kod relacji
    • pbl
    • 9
    • KHW
    • 52864
920 -ISBN [ , ]
    • a
    • ISBN
    • 83-7308-407-X Find
Numer inwentarzowy Status udost. Lokalizacja Data inwentaryzacji
Pd.187211BG2007-09-12